Arizona State Football: Top 10 All-Time Leaders - Statistics

General Stats
  • This quiz has been taken 3 times
  • The average score is 18 of 47
Answer Stats
Category # Player Amount % Correct
Passing Yards 3 Jake Plummer 8,827
100%
Passing Yards 7 Danny White 6,717
67%
Rushing Yards 7 Eno Benjamin 2,867
67%
Passing Yards 9 Jayden Daniels 6,024
67%
Receiving Yards 3 K'Neal Harry 2,889
67%
Sacks 1 Terrell Suggs 44.0
67%
Rushing Yards 5 Wilford White 3,173
67%
Receiving Yards 5 Aaron Cox 2,694
33%
Passing Yards 1 Andrew Walter 10,617
33%
Rushing Yards 10 Art Malone 2,649
33%
Tackles 6 Bob Breunig 353
33%
Sacks 6 Bob Kohrs 22.0
33%
Tackles 4 Brett Wallerstedt 362
33%
Rushing Yards 9 Cameron Marshall 2,700
33%
Sacks 7 Carl Bradford 21.5
33%
Receiving Yards 10 Chris McGaha 2,242
33%
Rushing Yards 8 Darryl Clark 2,711
33%
Rushing Yards 4 Demario Richard 3,202
33%
Receiving Yards 1 Derek Hagan 3,939
33%
Sacks 3 Dexter Davis 31.0
33%
Sacks 10 DJ Calhoun 19.5
33%
Receiving Yards 7 D.J. Foster 2,458
33%
Receiving Yards 8 Eric Guilford 2,408
33%
Rushing Yards 2 Freddie Williams 3,424
33%
Tackles 1 Greg Battle 425
33%
Receiving Yards 9 Jaelen Strong 2,287
33%
Passing Yards 8 Jeff Van Raaphorst 6,610
33%
Sacks 9 Jim Jeffcoat 20.0
33%
Tackles 3 Jimmy Williams 375
33%
Tackles 2 Joey Lumpkin 377
33%
Receiving Yards 2 John Jefferson 2,993
33%
Rushing Yards 3 J.R. Redmond 3,299
33%
Receiving Yards 6 Keith Poole 2,691
33%
Rushing Yards 6 Leon Burton 2,994
33%
Passing Yards 5 Manny Wilkins 8,624
33%
Interceptions 1 Mike Richardson 18
33%
Tackles 5 Nathan LaDuke 360
33%
Passing Yards 10 Paul Justin 5,761
33%
Passing Yards 2 Rudy Carpenter 10,491
33%
Passing Yards 6 Ryan Kealy 6,912
33%
Sacks 5 Scott Stephen 26.0
33%
Sacks 2 Shante Carver 41.0
33%
Receiving Yards 4 Shaun McDonald 2,867
33%
Passing Yards 4 Taylor Kelly 8,819
33%
Sacks 4 Vernon Maxwell 28.0
33%
Sacks 8 Will Sutton 20.5
33%
Rushing Yards 1 Woody Green 4,188
33%
No matching quizzes found
Score Distribution
Percent of People with Each Score
Percentile by Number Answered
Your Score History
You have not taken this quiz